Central Library OPAC University of Rajshahi

A review of Soviet literature / (Record no. 43474)

MARC details
000 -LEADER
fixed length control field 00679nam a2200229 a 4500
001 - CONTROL NUMBER
control field 43474
003 - CONTROL NUMBER IDENTIFIER
rucl marc code BD-RjUL
005 - DATE AND TIME OF LATEST TRANSACTION
control field 20211209053713.0
008 - FIXED-LENGTH DATA ELEMENTS--GENERAL INFORMATION
fixed length control field 160622s1966 enk 000 0 eng d
035 ## - SYSTEM CONTROL NUMBER
System control number (BD-RjUL)
040 ## - CATALOGING SOURCE
Original cataloging agency CSF
Transcribing agency CSF
Modifying agency EQO
-- BD-RjUL
Language of cataloging eng
041 ## - LANGUAGE CODE
Language code of text/sound track or separate title eng
082 ## - DEWEY DECIMAL CLASSIFICATION NUMBER
Edition number 23
Classification number 891.70904
Author mark and year BLR 1966
090 ## - LOCALLY ASSIGNED LC-TYPE CALL NUMBER (OCLC); LOCAL CALL NUMBER (OCLC)
Classification number (OCLC) (R) ; Classification number, CALL (RLIN) (NR) PG3017
Local cutter number (OCLC) ; Book number/undivided call number, CALL (RLIN) .B53x
100 1# - MAIN ENTRY--PERSONAL NAME
Personal name Blair, Katherine Hunter,
Dates associated with a name 1933-
9 (RLIN) 133531
245 12 - TITLE STATEMENT
Title A review of Soviet literature /
Statement of responsibility, etc. Katherine Hunter Blair.
260 ## - PUBLICATION, DISTRIBUTION, ETC. (IMPRINT)
Place of publication, distribution, etc. London :
Name of publisher, distributor, etc. An ampersand book,
Date of publication, distribution, etc. c1966.
300 ## - PHYSICAL DESCRIPTION
Pagination 174 p. ;
Size 18 cm.
650 #0 - SUBJECT ADDED ENTRY--TOPICAL TERM
Topical term or geographic name as entry element Soviet literature
General subdivision History and criticism
9 (RLIN) 133532
830 #0 - SERIES ADDED ENTRY--UNIFORM TITLE
Uniform title Ampersand book
942 ## - ADDED ENTRY ELEMENTS (KOHA)
Source of classification or shelving scheme Dewey Decimal Classification
Koha item type Books
Holdings
Lost status Source of classification or shelving scheme Damaged status Not for loan Collection code Permanent Location Current Location Shelving location Date acquired Source of acquisition Cost, normal purchase price Total Checkouts Full call number Date last seen Copy number Koha item type
  Dewey Decimal Classification     Non-fiction Central Library, University of Rajshahi Central Library, University of Rajshahi   29/06/1968 Swits & Zillinger 7.60   891.70904 BLR 1966 22/06/2016 C-2 Books